|
|
|
|
| LEADER |
00874nam a22002532i 4500 |
| 001 |
001538615 |
| 003 |
CZ BrMZK |
| 005 |
20251015123714.0 |
| 007 |
ta |
| 008 |
160809s1980 gw er|||||||||||ger d |
| 040 |
|
|
|a BOA001
|b cze
|e rda
|
| 100 |
1 |
|
|a Dittrich, Wolfgang
|4 dis
|
| 245 |
1 |
0 |
|a Hausärztliche Anamnestik :
|b methodik und Bedeutung der hausärztlichen Anamnese /
|c Wolfgang Dittrich
|
| 264 |
|
1 |
|a Giessen :
|b Wolfgang Dittrich,
|c 1980
|
| 300 |
|
|
|a 26 stran
|
| 336 |
|
|
|a text
|b txt
|2 rdacontent
|
| 337 |
|
|
|a bez média
|b n
|2 rdamedia
|
| 338 |
|
|
|a svazek
|b nc
|2 rdacarrier
|
| 502 |
|
|
|a Disertace--Justus Liebig-Universität Giessen, 1980
|
| 710 |
2 |
|
|a Justus Liebig-Universität Giessen
|7 ko2002149270
|4 isb
|
| 910 |
|
|
|a BOA001
|b X-0862.147
|
| 990 |
|
|
|a BK
|
| 991 |
|
|
|b 201608
|
| 996 |
7 |
|
|b 2619172109
|c X-0862.147
|l MZK
|r Sklad / do 24 hodin
|n 0
|w 001573846
|u 000010
|a 1
|e BOA001
|j MZK50
|s A
|